Meme - T'es pédé ? - Statistiques

Statistiques générales
  • Ce quiz a été pris 49 fois
  • Le résultat moyen est 20 sur 48
Statistiques - réponses
Réponse % Correct
pédé ?
100%
T'
96%
t'
96%
t'
96%
es
93%
es...
93%
es
93%
j'
52%
j'
52%
ai
50%
ai
50%
moi
50%
moi,
50%
que
50%
que
50%
Ca
46%
pas
46%
de
43%
toi,
43%
est
41%
Et
41%
Et
41%
la
39%
un
39%
question,
35%
une
35%
homophobe ?
30%
te
30%
alors.
26%
chauve.
24%
fils
24%
fils !
24%
pose
24%
problème ?
24%
Ton
24%
complètement...
22%
loose !
22%
ben
20%
STUPIDE ???
20%
est-ce
17%
Hein ?
17%
Parce
17%
bête,
15%
dégage
15%
Eh
15%
trop
15%
Hahaha
9%
PFRRRT !!!!!
9%
Aucun quiz correspondant
Distribution des résultats
% des personnes avec chaque résultat
Percentile par nombre de réponses
Votre historique - résultats
Vous n’avez pas pris ce quiz